Геохимическая зональность участка Чертова Яма Топольнинского золоторудного поля (Алтайский край); Проблемы геологии и освоения недр; Т. 1
| Parent link: | Проблемы геологии и освоения недр: труды XVIII Международного симпозиума имени академика М. А. Усова студентов и молодых ученых, Томск, 7-11 апреля 2014 г./ Национальный исследовательский Томский политехнический университет (ТПУ), Институт природных ресурсов (ИПР) ; Общество инженеров-нефтяников, международная некоммерческая организация, Студенческий чаптер ; под ред. А. Ю. Дмитриева.— , 2014 Т. 1.— [С. 219-221] |
|---|---|
| Autor principal: | |
| Autor corporatiu: | |
| Altres autors: | |
| Sumari: | Заглавие с экрана |
| Idioma: | rus |
| Publicat: |
|
| Col·lecció: | Месторождения полезных ископаемых. Методика поисков и разведки месторождений полезных ископаемых. Геоинформационные системы в геологии |
| Matèries: | |
| Accés en línia: | http://earchive.tpu.ru/handle/11683/65658 http://www.lib.tpu.ru/fulltext/c/2014/C11/V1/099.pdf |
| Format: | MixedMaterials Electrònic Capítol de llibre |
| KOHA link: | https://koha.lib.tpu.ru/cgi-bin/koha/opac-detail.pl?biblionumber=608230 |
MARC
| LEADER | 00000naa2a2200000 4500 | ||
|---|---|---|---|
| 001 | 608230 | ||
| 005 | 20260318143752.0 | ||
| 035 | |a (RuTPU)RU\TPU\conf\5660 | ||
| 035 | |a RU\TPU\conf\5659 | ||
| 090 | |a 608230 | ||
| 100 | |a 20140923d2014 k y0rusy50 ca | ||
| 101 | 0 | |a rus | |
| 102 | |a RU | ||
| 135 | |a drcn ---uucaa | ||
| 181 | 0 | |a i | |
| 182 | 0 | |a b | |
| 200 | 1 | |a Геохимическая зональность участка Чертова Яма Топольнинского золоторудного поля (Алтайский край) |f Д. С. Лавров |g науч. рук. Т. В. Тимкин | |
| 203 | |a Текст |c электронный | ||
| 225 | 1 | |a Месторождения полезных ископаемых. Методика поисков и разведки месторождений полезных ископаемых. Геоинформационные системы в геологии | |
| 300 | |a Заглавие с экрана | ||
| 320 | |a [Библиогр.: с. 221 (3 назв.)] | ||
| 337 | |a Adobe Reader | ||
| 461 | 1 | |0 (RuTPU)RU\TPU\conf\5590 |t Проблемы геологии и освоения недр |o труды XVIII Международного симпозиума имени академика М. А. Усова студентов и молодых ученых, Томск, 7-11 апреля 2014 г. |o в 2 т. |f Национальный исследовательский Томский политехнический университет (ТПУ), Институт природных ресурсов (ИПР) ; Общество инженеров-нефтяников, международная некоммерческая организация, Студенческий чаптер ; под ред. А. Ю. Дмитриева |d 2014 | |
| 463 | 1 | |0 (RuTPU)RU\TPU\conf\5592 |t Т. 1 |v [С. 219-221] | |
| 610 | 1 | |a труды учёных ТПУ | |
| 610 | 1 | |a электронный ресурс | |
| 610 | 1 | |a геохимическая зональность | |
| 610 | 1 | |a Топольнинское золоторудное поле | |
| 610 | 1 | |a Алтайский край | |
| 610 | 1 | |a геохимические поля | |
| 610 | 1 | |a золотоносность | |
| 610 | 1 | |a Чертова яма | |
| 700 | 1 | |a Лавров |b Д. С. | |
| 702 | 1 | |a Тимкин |b Т. В. |c российский геолог |c доцент Томского политехнического университета, кандидат геолого-минералогических наук |f 1983- |g Тимофей Васильевич |4 727 | |
| 712 | 0 | 2 | |a Национальный исследовательский Томский политехнический университет (ТПУ) |b Институт природных ресурсов (ИПР) |b Кафедра геологии и разведки полезных ископаемых (ГРПИ) |3 (RuTPU)RU\TPU\col\18660 |
| 801 | 2 | |a RU |b 63413507 |c 20210915 |g RCR | |
| 856 | 4 | |u http://earchive.tpu.ru/handle/11683/65658 | |
| 856 | 4 | |u http://www.lib.tpu.ru/fulltext/c/2014/C11/V1/099.pdf | |
| 942 | |c BK | ||